MARC details
| 000 -BAŞLIK |
| Sabit Uzunlukta Kontrol Alanı |
01532nam a22003857a 4500 |
| 999 ## - SİSTEM KONTROL NUMARALARI (KOHA) |
| Koha Biblionumber |
13767 |
| Koha Biblioitemnumber |
13767 |
| 003 - KONTROL NUMARASI IDENTIFIER |
| Denetim Alanı |
MIRAKIL |
| 005 - SON İŞLEM TARİHİ VE ZAMANI |
| Denetim Alanı |
20200213151540.0 |
| 008 - SABİT-BOY VERİ ELEMANLARI - GENEL BİLGİLER |
| Sabit Uzunlukta Kontrol Alanı |
200213b tu ||||| |||| 00| 0 tur d |
| 020 ## - ULUSLARARASI STANDART KİTAP NUMARASI |
| Uluslararası Standart Kitap Numarası |
9786056666957 |
| 040 ## - KATALOGLAMA KAYNAK |
| Orijinal Kataloglama Ajansı |
TR-AnCHP |
| Kataloglama Dili |
tur |
| Metne Dönüştürmek Ajansı |
TR-AnCHP |
| 041 ## - DİL KODU |
| Metin / Ses Parça Veya Ayrı Başlığın Dil Kodu |
tur |
| 082 ## - DEWEY ONLU SINIFLANDIRMA NUMARASI |
| Sınıflandırma Numarası |
324.9561 |
| Ürün Numarası |
T85s 2019 |
| 100 ## - ANA GİRİŞ - KİŞİSEL İSİM |
| Kişisel Ad |
Tuncer, Erol |
| 245 ## - BAŞLIK TABLOSU |
| Başlık |
Seçim 2019: |
| Başlığın Kalan |
31 Mart 2019 il genel meclisi ve belediye seçimleri : sayısal ve siyasal değerlendirme/ |
| Sorumluluk Tablosu, Vb |
Erol Tuncer, Coşkun Kasapbaş |
| 246 ## - UNVAN FORM VARYING |
| Başlık Doğru / Kısa Başlığı |
31 Mart 2019 il genel meclisi ve belediye seçimleri : sayısal ve siyasal değerlendirme |
| 246 ## - UNVAN FORM VARYING |
| Başlık Doğru / Kısa Başlığı |
31 Mart yerel yönetim seçimleri |
| 246 ## - UNVAN FORM VARYING |
| Başlık Doğru / Kısa Başlığı |
31 Mart 2019 Belediye seçimleri |
| 246 ## - UNVAN FORM VARYING |
| Başlık Doğru / Kısa Başlığı |
2019 Yerel yönetim seçimleri |
| 260 ## - YAYIN, DAĞITIM, VB |
| Yayın, Dağıtım, Vb Yeri |
Ankara: |
| Yayıncı, Dağıtıcı, Vs Adı |
TESAV, |
| Yayın, Dağıtım, Vb Tarihi |
2020 |
| 300 ## - FİZİKSEL TANIM |
| Kapsam |
xıı, 316 s.: |
| Diğer Fiziksel Ayrıntıları |
grf., hrt., tbl.; |
| Boyutlar |
27 sm. |
| 490 ## - SERİSİ TABLOSU |
| Seri Beyanı |
TESAV yayınları; |
| Hacim / Ardışık Tanımı |
No;50 |
| 500 ## - GENEL NOT |
| Genel Not |
Yapıt yazarından imzalıdır. |
| 504 ## - KAYNAKÇA VB NOT |
| Kaynakça Vb Notu |
Kaynakça vardır. |
| 650 ## - KONU KATMA GİRİŞ - TOPİKAL DÖNEM |
| Topikal Süreli Veya Coğrafi Ad Giriş Elemanı |
Siyasal tarih |
| Kronolojik Alt Bölümü |
2019 |
| Coğrafi Alt Bölümü |
Türkiye |
| 650 ## - KONU KATMA GİRİŞ - TOPİKAL DÖNEM |
| Topikal Süreli Veya Coğrafi Ad Giriş Elemanı |
Siyasal partiler |
| Genel Alt Bölümü |
2019 |
| Coğrafi Alt Bölümü |
Türkiye |
| 650 ## - KONU KATMA GİRİŞ - TOPİKAL DÖNEM |
| Topikal Süreli Veya Coğrafi Ad Giriş Elemanı |
Yerel yönetimler |
| Genel Alt Bölümü |
Seçimler |
| Coğrafi Alt Bölümü |
Türkiye |
| Kronolojik Alt Bölümü |
31 Mart 2019 |
| 650 ## - KONU KATMA GİRİŞ - TOPİKAL DÖNEM |
| Topikal Süreli Veya Coğrafi Ad Giriş Elemanı |
Yerel seçimler |
| Kronolojik Alt Bölümü |
İstatistikler |
| Coğrafi Alt Bölümü |
Türkiye |
| 651 ## - KONU KATMA GİRİŞ - COĞRAFİ ADI |
| Coğrafi İsim |
Türkiye |
| Genel Alt Bölümü |
Yerel seçimler, 2019 |
| 651 ## - KONU KATMA GİRİŞ - COĞRAFİ ADI |
| Coğrafi İsim |
Türkiye |
| Genel Alt Bölümü |
Yerel yönetim |
| Kronolojik Alt Bölümü |
2019 |
| 740 ## - KATMA GİRİŞ - KONTROLSUZ İLGİLİ / ANALİTİK BAŞLIK |
| Kontrol Edilmeyen / İlgili Analitik Başlıktaki |
31 Mart 2019 il genel meclisi ve belediye seçimleri : sayısal ve siyasal değerlendirme |
| 740 ## - KATMA GİRİŞ - KONTROLSUZ İLGİLİ / ANALİTİK BAŞLIK |
| Kontrol Edilmeyen / İlgili Analitik Başlıktaki |
31 Mart yerel yönetim seçimleri |
| 740 ## - KATMA GİRİŞ - KONTROLSUZ İLGİLİ / ANALİTİK BAŞLIK |
| Kontrol Edilmeyen / İlgili Analitik Başlıktaki |
31 Mart 2019 belediye seçimleri |
| 740 ## - KATMA GİRİŞ - KONTROLSUZ İLGİLİ / ANALİTİK BAŞLIK |
| Kontrol Edilmeyen / İlgili Analitik Başlıktaki |
2019 Yerel yönetim seçimleri |
| 942 ## - EKLENDİ GİRİŞ ELEMANLARI (KOHA) |
| Sınıflandırma Veya Raf Düzeni Kaynak |
Dewey Decimal Classification |
| Koha Öğesi Türü |
Books |